Manual of service conditions of teachers in Universities and colleges in India: Benefits-privileges-responsibilities India and Abroad (Record no. 1386640)

MARC details
000 -LEADER
fixed length control field 00606nam a2200181Ia 4500
005 - DATE AND TIME OF LATEST TRANSACTION
control field 20250508164026.0
008 - FIXED-LENGTH DATA ELEMENTS--GENERAL INFORMATION
fixed length control field 008 250505s9999 xx 000 0 eng d
037 ## - SOURCE OF ACQUISITION
Stock number Reference
040 ## - CATALOGING SOURCE
Original cataloging agency FEDL
Language of cataloging eng
Transcribing agency FEDL
041 ## - LANGUAGE CODE
Language code of text/sound track or separate title eng
Source of code eng
084 ## - COLON CLASSIFICATION NUMBER
Classification number 371.1, VOH
Assigning agency FEDL
100 ## - MAIN ENTRY--PERSONAL NAME
Personal name Vohra Amrit Lal
245 #0 - TITLE STATEMENT
Title Manual of service conditions of teachers in Universities and colleges in India: Benefits-privileges-responsibilities India and Abroad
260 ## - PUBLICATION, DISTRIBUTION, ETC.
Place of publication, distribution, etc. New Delhi, India
Name of publisher, distributor, etc. Crest Publishing House
Date of publication, distribution, etc. 2002
300 ## - PHYSICAL DESCRIPTION
Extent xxiv,608p
942 ## - ADDED ENTRY ELEMENTS (KOHA)
Koha item type Reference
Classification part 371.1, VOH
Holdings
Withdrawn status Lost status Damaged status Not for loan Home library Current library Date acquired Total Checkouts Full call number Barcode Date last seen Price effective from Koha item type
        Department of Education Library Department of Education Library 2025-05-08   371.1, VOH EL0080245 2025-05-08 2025-05-08 Reference
Copyright @ Delhi University Library System